000 00454nam a2200157Ia 4500
008 230516s2012 xx 000 0 und d
041 _aeng
082 _a615.190
_bSET
100 _aSETHI P. D.
245 _aQUANTITATIVE ANALYSIS OF PHARMACEUTICAL FORMULATION METHODS WITH REACTION MECHANISM VOL 2
260 _bCBS PUBLICATION & DISTRIBUTORS
_c2012
300 _a472
365 _h20
520 _aPQA
650 _aPHARMACEUTICAL QUALITY ASSURANCE
999 _c383941
_d383941